[Event "DEM U12 2025"]
[Site "Willingen GER"]
[Date "2025.06.09"]
[Round "3"]
[White "Hoppe, Arthur"]
[Black "Richter, Felix"]
[Result "0-1"]
[Termination "normal"]
[Board "6"]
[WhiteElo "1922"]
[BlackElo "1867"]
[WhiteClock "00:48:39"]
[BlackClock "00:22:02"]
[PlyCount "132"]
[WhiteFideId "34618910"]
[BlackFideId "34631356"]
[EventCountry "GER"]
[EventRounds "9"]
[EventType "swiss"]
[EventDate "2025.06.07"]

1. c4 {[%clk 01:30:58]} {[%emt 00:00:02]} e5 {[%clk 01:30:53]} {[%emt
00:00:07]} 2. Nc3 {[%clk 01:31:23]} {[%emt 00:00:06]} Nf6 {[%clk 01:31:05]}
{[%emt 00:00:18]} 3. Qc2 {[%clk 01:31:47]} {[%emt 00:00:05]} Nc6 {[%clk
01:31:06]} {[%emt 00:00:28]} 4. Nf3 {[%clk 01:32:12]} {[%emt 00:00:05]} g6
{[%clk 01:28:44]} {[%emt 00:02:52]} 5. g3 {[%clk 01:32:34]} {[%emt 00:00:09]}
Bg7 {[%clk 01:29:08]} {[%emt 00:00:07]} 6. Bg2 {[%clk 01:32:59]} {[%emt
00:00:04]} d6 {[%emt 00:00:48]} 7. O-O {[%clk 01:33:21]} O-O {[%clk 01:29:15]}
{[%emt 00:00:13]} 8. a3 {[%clk 01:33:47]} {[%emt 00:00:04]} Bf5 {[%clk
01:27:51]} {[%emt 00:01:53]} 9. e4 {[%clk 01:34:14]} {[%emt 00:00:05]} Be6
{[%clk 01:28:06]} {[%emt 00:00:13]} 10. d3 {[%clk 01:34:36]} {[%emt 00:00:08]}
a6 {[%clk 01:22:45]} {[%emt 00:05:53]} 11. b4 {[%clk 01:34:42]} {[%emt
00:00:24]} Nd7 {[%clk 01:21:23]} {[%emt 00:01:51]} 12. Ng5 {[%clk 01:34:35]}
{[%emt 00:00:36]} Nd4 {[%clk 01:21:18]} {[%emt 00:00:36]} 13. Qd1 {[%clk
01:34:57]} {[%emt 00:00:09]} c5 {[%clk 01:20:09]} {[%emt 00:01:39]} 14. Nxe6
{[%clk 01:35:18]} {[%emt 00:00:09]} fxe6 {[%clk 01:20:31]} {[%emt 00:00:07]}
15. Be3 {[%clk 01:35:19]} {[%emt 00:00:29]} Rb8 {[%clk 01:19:25]} {[%emt
00:01:37]} 16. Bh3 {[%clk 01:33:03]} {[%emt 00:02:46]} Qe7 {[%clk 01:17:12]}
{[%emt 00:02:39]} 17. Qb1 {[%clk 01:22:55]} {[%emt 00:10:41]} b6 {[%clk
01:14:39]} {[%emt 00:03:02]} 18. Kg2 {[%clk 01:22:08]} {[%emt 00:01:18]} Kh8
{[%clk 01:01:05]} {[%emt 00:14:04]} 19. f3 {[%clk 01:22:16]} {[%emt 00:00:23]}
Rfc8 {[%clk 01:00:59]} {[%emt 00:00:36]} 20. b5 {[%clk 01:22:11]} {[%emt
00:00:35]} a5 {[%clk 01:00:30]} {[%emt 00:00:59]} 21. Ra2 {[%clk 01:22:41]} Rf8
{[%clk 01:00:06]} {[%emt 00:00:53]} 22. Qc1 {[%clk 01:22:51]} {[%emt 00:00:19]}
Nb3 {[%clk 00:59:25]} {[%emt 00:01:12]} 23. Qd1 {[%clk 01:23:14]} {[%emt
00:00:07]} Nd4 {[%clk 00:59:49]} {[%emt 00:00:06]} 24. Raf2 {[%clk 01:22:11]}
{[%emt 00:01:33]} Rf7 {[%clk 00:59:10]} {[%emt 00:01:09]} 25. Nb1 {[%clk
01:20:44]} {[%emt 00:01:57]} Rbf8 {[%clk 00:58:52]} {[%emt 00:00:47]} 26. Nd2
{[%clk 01:20:26]} {[%emt 00:00:48]} Nf6 {[%clk 00:57:22]} {[%emt 00:02:00]} 27.
Bg5 {[%clk 01:20:23]} {[%emt 00:00:33]} h6 {[%clk 00:57:04]} {[%emt 00:00:48]}
28. Be3 {[%clk 01:20:40]} {[%emt 00:00:13]} d5 {[%clk 00:56:30]} {[%emt
00:01:04]} 29. a4 {[%clk 01:19:30]} {[%emt 00:01:41]} Kh7 {[%clk 00:56:00]}
{[%emt 00:00:55]} 30. Re1 {[%clk 01:19:08]} {[%emt 00:00:57]} Rb8 {[%clk
00:52:44]} {[%emt 00:03:45]} 31. f4 {[%clk 01:11:39]} {[%emt 00:08:00]} dxe4
{[%clk 00:48:47]} {[%emt 00:04:26]} 32. Bxd4 {[%clk 01:07:33]} {[%emt
00:04:37]} exd4 {[%clk 00:48:42]} {[%emt 00:00:35]} 33. Nxe4 {[%clk 01:07:59]}
{[%emt 00:00:04]} Re8 {[%clk 00:46:16]} {[%emt 00:02:55]} 34. Bxe6 {[%clk
01:03:23]} {[%emt 00:05:06]} Rff8 {[%clk 00:43:43]} {[%emt 00:03:03]} 35. Bh3
{[%clk 01:00:45]} {[%emt 00:03:08]} Qb7 {[%clk 00:43:02]} {[%emt 00:01:11]} 36.
Qf3 {[%clk 01:01:06]} {[%emt 00:00:09]} Nxe4 {[%clk 00:43:22]} {[%emt
00:00:10]} 37. Rxe4 {[%clk 01:01:30]} {[%emt 00:00:06]} Rxe4 {[%clk 00:43:40]}
{[%emt 00:00:13]} 38. Qxe4 {[%clk 01:00:45]} {[%emt 00:01:14]} Qxe4+ {[%clk
00:43:56]} {[%emt 00:00:14]} 39. dxe4 {[%clk 01:01:09]} {[%emt 00:00:06]} Re8
{[%clk 00:44:00]} {[%emt 00:00:26]} 40. Kf3 {[%clk 01:01:34]} {[%emt 00:00:05]}
Kg8 {[%clk 00:44:03]} {[%emt 00:00:26]} 41. e5 {[%clk 01:01:58]} {[%emt
00:00:08]} Kf7 {[%clk 00:43:24]} {[%emt 00:01:09]} 42. Ke4 {[%clk 01:02:13]}
{[%emt 00:00:14]} Rd8 {[%clk 00:42:43]} {[%emt 00:01:11]} 43. g4 {[%clk
01:02:16]} {[%emt 00:00:27]} d3 {[%clk 00:33:53]} {[%emt 00:09:20]} 44. Rd2
{[%clk 01:01:37]} {[%emt 00:01:10]} Rd4+ {[%clk 00:34:06]} {[%emt 00:00:16]}
45. Ke3 {[%clk 01:02:03]} {[%emt 00:00:04]} g5 {[%clk 00:33:12]} {[%emt
00:01:23]} 46. e6+ {[%clk 01:01:57]} {[%emt 00:00:38]} Kxe6 {[%clk 00:32:43]}
{[%emt 00:00:58]} 47. f5+ {[%clk 01:02:24]} {[%emt 00:00:04]} Ke7 {[%clk
00:32:08]} {[%emt 00:01:04]} 48. Rxd3 {[%clk 01:02:09]} {[%emt 00:00:45]} Rxc4
{[%clk 00:32:19]} {[%emt 00:00:19]} 49. Ke2 {[%clk 01:01:28]} {[%emt 00:01:12]}
Bd4 {[%clk 00:31:57]} {[%emt 00:00:51]} 50. Ra3 {[%clk 01:01:50]} {[%emt
00:00:08]} Rc2+ {[%clk 00:32:02]} {[%emt 00:00:24]} 51. Kd3 {[%clk 01:02:13]}
{[%emt 00:00:07]} Rxh2 {[%clk 00:30:59]} {[%emt 00:01:33]} 52. Ke4 {[%clk
01:02:32]} {[%emt 00:00:12]} Kd6 {[%clk 00:31:11]} {[%emt 00:00:18]} 53. Bf1
{[%clk 01:02:08]} {[%emt 00:00:53]} Rf2 {[%clk 00:30:13]} {[%emt 00:01:29]} 54.
Rf3 {[%clk 01:02:13]} {[%emt 00:00:25]} Ra2 {[%clk 00:29:24]} {[%emt 00:01:07]}
55. f6 {[%clk 01:02:12]} {[%emt 00:00:44]} Rxa4 {[%clk 00:29:26]} {[%emt
00:00:28]} 56. Kf5 {[%clk 01:00:01]} {[%emt 00:02:41]} Bxf6 {[%clk 00:19:57]}
{[%emt 00:09:59]} 57. Kxf6 {[%clk 01:00:27]} {[%emt 00:00:04]} Rf4 {[%clk
00:20:22]} {[%emt 00:00:05]} 58. Rxf4 {[%clk 01:00:48]} {[%emt 00:00:09]} gxf4
{[%clk 00:20:45]} {[%emt 00:00:07]} 59. Bc4 {[%clk 01:00:59]} {[%emt 00:00:18]}
f3 {[%clk 00:20:51]} {[%emt 00:00:25]} 60. Kf5 {[%clk 00:55:32]} {[%emt
00:05:57]} f2 {[%clk 00:21:05]} {[%emt 00:00:16]} 61. Ke4 {[%clk 00:46:58]}
{[%emt 00:09:05]} a4 {[%clk 00:21:07]} {[%emt 00:00:27]} 62. Ke3 {[%clk
00:47:24]} {[%emt 00:00:04]} Ke5 {[%clk 00:20:55]} {[%emt 00:00:42]} 63. Kxf2
{[%clk 00:47:47]} {[%emt 00:00:07]} Kd4 {[%clk 00:21:16]} {[%emt 00:00:08]} 64.
Ba2 {[%clk 00:48:14]} {[%emt 00:00:03]} Kc3 {[%clk 00:21:34]} {[%emt 00:00:13]}
65. Ke3 {[%clk 00:48:40]} {[%emt 00:00:04]} a3 {[%clk 00:21:43]} {[%emt
00:00:22]} 66. g5 {[%clk 00:48:39]} {[%emt 00:00:31]} hxg5 {[%clk 00:22:02]}
{[%emt 00:00:11]} 0-1

[Event "DEM U12 2025"]
[Site "Willingen GER"]
[Date "2025.06.09"]
[Round "3"]
[White "Krishnan, Vihaan"]
[Black "Peglau, Paul David"]
[Result "0-1"]
[Termination "normal"]
[Board "7"]
[WhiteElo "1731"]
[BlackElo "1959"]
[WhiteClock "00:01:56"]
[BlackClock "00:24:46"]
[PlyCount "86"]
[WhiteFideId "34633910"]
[BlackFideId "16290550"]
[EventCountry "GER"]
[EventRounds "9"]
[EventType "swiss"]
[EventDate "2025.06.07"]

1. e4 {[%clk 01:30:56]} {[%emt 00:00:02]} c5 {[%clk 01:30:53]} {[%emt
00:00:08]} 2. Nf3 {[%clk 01:31:20]} {[%emt 00:00:05]} d6 {[%clk 01:31:19]}
{[%emt 00:00:05]} 3. d4 {[%clk 01:31:44]} {[%emt 00:00:06]} cxd4 {[%clk
01:31:46]} {[%emt 00:00:04]} 4. Nxd4 {[%clk 01:32:02]} {[%emt 00:00:12]} Nf6
{[%clk 01:32:09]} {[%emt 00:00:07]} 5. Nc3 {[%clk 01:32:28]} {[%emt 00:00:04]}
e5 {[%clk 01:32:21]} {[%emt 00:00:18]} 6. Bb5+ {[%clk 01:18:23]} {[%emt
00:14:34]} Nbd7 {[%clk 01:32:44]} {[%emt 00:00:08]} 7. Nf5 {[%clk 01:12:52]}
{[%emt 00:05:59]} a6 {[%clk 01:33:11]} {[%emt 00:00:06]} 8. Bd3 {[%clk
01:09:47]} {[%emt 00:03:34]} Nc5 {[%clk 01:31:10]} {[%emt 00:02:31]} 9. Ne3
{[%clk 01:07:28]} {[%emt 00:02:49]} Be6 {[%clk 01:29:34]} {[%emt 00:02:05]} 10.
O-O {[%clk 01:01:30]} {[%emt 00:06:27]} Rc8 {[%clk 01:27:00]} {[%emt 00:03:04]}
11. f4 {[%clk 00:55:55]} {[%emt 00:06:07]} exf4 {[%clk 01:22:19]} {[%emt
00:05:11]} 12. Rxf4 {[%clk 00:48:15]} {[%emt 00:08:10]} Nxd3 {[%clk 01:19:42]}
{[%emt 00:03:08]} 13. Qxd3 {[%clk 00:42:01]} {[%emt 00:06:43]} Be7 {[%clk
01:16:20]} {[%emt 00:03:52]} 14. Kh1 {[%clk 00:35:28]} {[%emt 00:07:01]} g6
{[%clk 01:06:20]} {[%emt 00:10:31]} 15. Bd2 {[%clk 00:25:55]} {[%emt 00:10:03]}
O-O {[%clk 01:03:00]} {[%emt 00:03:50]} 16. Ncd5 {[%clk 00:23:49]} {[%emt
00:02:36]} Bxd5 {[%clk 01:02:12]} {[%emt 00:01:19]} 17. exd5 {[%clk 00:20:11]}
{[%emt 00:04:07]} Nd7 {[%clk 01:01:09]} {[%emt 00:01:34]} 18. Bc3 {[%clk
00:16:02]} {[%emt 00:04:38]} f5 {[%clk 00:54:51]} {[%emt 00:06:48]} 19. Nc4
{[%clk 00:10:55]} {[%emt 00:05:37]} b5 {[%clk 00:39:10]} {[%emt 00:16:12]} 20.
Na5 {[%emt 00:02:19]} Ne5 {[%clk 00:38:53]} 21. Qh3 {[%clk 00:05:16]} {[%emt
00:05:01]} Bf6 {[%clk 00:37:08]} {[%emt 00:02:21]} 22. Raf1 {[%clk 00:03:03]}
{[%emt 00:02:42]} Qb6 {[%clk 00:24:45]} {[%emt 00:12:53]} 23. Nb3 {[%clk
00:02:27]} {[%emt 00:01:06]} Nc4 {[%clk 00:21:54]} {[%emt 00:03:21]} 24. Bxf6
{[%clk 00:01:03]} {[%emt 00:01:54]} Rxf6 {[%clk 00:22:23]} {[%emt 00:00:02]}
25. Qc3 {[%clk 00:00:46]} {[%emt 00:00:47]} Rff8 {[%clk 00:21:53]} {[%emt
00:00:59]} 26. Qd4 {[%clk 00:00:35]} {[%emt 00:00:41]} Qxd4 {[%clk 00:21:14]}
{[%emt 00:01:10]} 27. Nxd4 {[%clk 00:00:40]} {[%emt 00:00:25]} Ne3 {[%clk
00:20:59]} {[%emt 00:00:45]} 28. Ne6 {[%clk 00:00:35]} {[%emt 00:00:35]} Nxf1
{[%clk 00:20:59]} {[%emt 00:00:30]} 29. Nxf8 {[%clk 00:00:45]} {[%emt
00:00:20]} Kxf8 {[%clk 00:21:15]} {[%emt 00:00:14]} 30. Rxf1 {[%clk 00:01:07]}
{[%emt 00:00:08]} Rxc2 {[%clk 00:21:38]} {[%emt 00:00:07]} 31. g4 {[%clk
00:00:58]} {[%emt 00:00:38]} Rxb2 {[%clk 00:21:25]} {[%emt 00:00:43]} 32. gxf5
{[%clk 00:00:52]} {[%emt 00:00:36]} gxf5 {[%clk 00:21:20]} {[%emt 00:00:36]}
33. Rxf5+ {[%clk 00:00:51]} {[%emt 00:00:31]} Kg7 {[%clk 00:21:49]} 34. Rg5+
{[%clk 00:00:36]} {[%emt 00:00:45]} Kf6 {[%clk 00:21:33]} {[%emt 00:00:46]} 35.
Rh5 {[%clk 00:00:43]} {[%emt 00:00:22]} Kg6 {[%clk 00:21:54]} {[%emt 00:00:10]}
36. Rh3 {[%clk 00:00:53]} {[%emt 00:00:20]} Rxa2 {[%clk 00:22:13]} {[%emt
00:00:11]} 37. Re3 {[%clk 00:00:56]} {[%emt 00:00:27]} b4 {[%clk 00:22:16]}
{[%emt 00:00:27]} 38. Rb3 {[%clk 00:00:35]} {[%emt 00:00:51]} a5 {[%clk
00:22:41]} {[%emt 00:00:04]} 39. Kg1 {[%clk 00:00:45]} {[%emt 00:00:20]} Ra3
{[%clk 00:23:06]} {[%emt 00:00:06]} 40. Rb2 {[%clk 00:01:01]} {[%emt 00:00:13]}
b3 {[%clk 00:23:30]} {[%emt 00:00:06]} 41. Kf1 {[%clk 00:01:15]} {[%emt
00:00:16]} Ra1+ {[%clk 00:23:55]} {[%emt 00:00:06]} 42. Ke2 {[%clk 00:01:32]}
{[%emt 00:00:13]} Ra2 {[%clk 00:24:21]} {[%emt 00:00:04]} 43. Rxa2 {[%clk
00:01:56]} {[%emt 00:00:06]} bxa2 {[%clk 00:24:46]} {[%emt 00:00:05]} 0-1

[Event "DEM U12 2025"]
[Site "Willingen GER"]
[Date "2025.06.09"]
[Round "3"]
[White "Pradeep, Harshill"]
[Black "Wagener, Nicolas"]
[Result "1/2-1/2"]
[Termination "normal"]
[Board "8"]
[WhiteElo "1936"]
[BlackElo "1765"]
[WhiteClock "00:05:07"]
[BlackClock "00:26:36"]
[PlyCount "55"]
[WhiteFideId "34629513"]
[BlackFideId "34607935"]
[EventCountry "GER"]
[EventRounds "9"]
[EventType "swiss"]
[EventDate "2025.06.07"]

1. e4 {[%clk 01:30:29]} {[%emt 00:00:30]} c5 {[%clk 01:30:57]} {[%emt
00:00:04]} 2. Nf3 {[%clk 01:30:37]} {[%emt 00:00:22]} e6 {[%clk 01:31:05]}
{[%emt 00:00:21]} 3. c3 {[%clk 01:30:37]} {[%emt 00:00:31]} Nf6 {[%clk
01:31:26]} {[%emt 00:00:09]} 4. e5 {[%clk 01:30:53]} {[%emt 00:00:14]} Nd5
{[%clk 01:31:49]} {[%emt 00:00:08]} 5. d4 {[%clk 01:30:55]} {[%emt 00:00:28]}
cxd4 {[%clk 01:31:20]} {[%emt 00:00:59]} 6. cxd4 {[%clk 01:31:15]} {[%emt
00:00:09]} d6 {[%clk 01:31:39]} {[%emt 00:00:10]} 7. Bc4 {[%clk 01:31:27]}
{[%emt 00:00:19]} Nc6 {[%clk 01:32:01]} {[%emt 00:00:09]} 8. O-O {[%clk
01:31:41]} {[%emt 00:00:16]} Be7 {[%clk 01:32:03]} {[%emt 00:00:27]} 9. Qe2
{[%clk 01:31:42]} {[%emt 00:00:29]} dxe5 {[%clk 01:31:41]} {[%emt 00:00:53]}
10. dxe5 {[%clk 01:31:42]} {[%emt 00:00:30]} Nb6 {[%clk 01:31:57]} {[%emt
00:00:14]} 11. Bd3 {[%clk 01:27:28]} {[%emt 00:04:43]} O-O {[%clk 01:30:52]}
{[%emt 00:01:35]} 12. Nc3 {[%clk 01:26:51]} {[%emt 00:01:08]} Bd7 {[%clk
01:27:53]} {[%emt 00:03:29]} 13. Re1 {[%clk 01:14:57]} {[%emt 00:12:25]} Nb4
{[%clk 01:27:08]} {[%emt 00:01:15]} 14. Bb1 {[%clk 01:13:18]} {[%emt 00:02:09]}
Bc6 {[%clk 01:26:19]} {[%emt 00:01:17]} 15. Be3 {[%clk 00:54:02]} {[%emt
00:19:48]} Qc7 {[%clk 01:25:06]} {[%emt 00:01:42]} 16. Be4 {[%clk 00:48:34]}
{[%emt 00:05:58]} Rac8 {[%clk 01:22:03]} {[%emt 00:03:33]} 17. Rac1 {[%clk
00:43:01]} {[%emt 00:06:04]} Rfd8 {[%clk 01:12:12]} {[%emt 00:10:21]} 18. Ng5
{[%clk 00:23:41]} {[%emt 00:19:50]} Bxe4 {[%clk 01:04:41]} {[%emt 00:08:01]}
19. Ncxe4 {[%clk 00:17:01]} {[%emt 00:07:10]} Qxe5 {[%clk 01:04:50]} {[%emt
00:00:21]} 20. h4 {[%clk 00:11:02]} {[%emt 00:06:29]} Rxc1 {[%clk 00:58:32]}
{[%emt 00:06:49]} 21. Rxc1 {[%clk 00:09:11]} {[%emt 00:02:21]} h6 {[%clk
00:43:37]} {[%emt 00:15:19]} 22. Nxf7 {[%clk 00:05:22]} {[%emt 00:04:24]} Qxe4
{[%clk 00:39:41]} {[%emt 00:04:27]} 23. Nxd8 {[%clk 00:05:49]} {[%emt
00:00:03]} Bxd8 {[%clk 00:39:58]} {[%emt 00:00:12]} 24. Qh5 {[%clk 00:05:34]}
{[%emt 00:00:45]} Nc2 {[%clk 00:26:23]} {[%emt 00:14:04]} 25. Qe8+ {[%clk
00:05:28]} {[%emt 00:00:37]} Kh7 {[%clk 00:26:40]} {[%emt 00:00:13]} 26. Rxc2
{[%clk 00:04:36]} {[%emt 00:01:22]} Qxc2 {[%clk 00:26:38]} {[%emt 00:00:32]}
27. Qxd8 {[%clk 00:05:02]} {[%emt 00:00:04]} Qxb2 {[%clk 00:26:36]} {[%emt
00:00:31]} 28. Qd3+ {[%clk 00:05:07]} {[%emt 00:00:26]} 1/2-1/2

[Event "DEM U12 2025"]
[Site "Willingen GER"]
[Date "2025.06.09"]
[Round "3"]
[White "Beier, Martin"]
[Black "Gersemann, Karl"]
[Result "0-1"]
[Termination "normal"]
[Board "9"]
[WhiteElo "1781"]
[BlackElo "1982"]
[WhiteClock "00:01:02"]
[BlackClock "00:05:03"]
[PlyCount "72"]
[WhiteFideId "34631879"]
[BlackFideId "34602186"]
[EventCountry "GER"]
[EventRounds "9"]
[EventType "swiss"]
[EventDate "2025.06.07"]

1. e4 {[%clk 01:30:55]} {[%emt 00:00:04]} c5 {[%clk 01:30:54]} {[%emt
00:00:06]} 2. Nf3 {[%clk 01:31:15]} {[%emt 00:00:11]} d6 {[%clk 01:31:17]}
{[%emt 00:00:06]} 3. d4 {[%clk 01:31:05]} {[%emt 00:00:41]} cxd4 {[%clk
01:31:40]} {[%emt 00:00:06]} 4. Qxd4 {[%clk 01:31:12]} {[%emt 00:00:24]} Nc6
{[%clk 01:32:03]} {[%emt 00:00:06]} 5. Bb5 {[%clk 01:31:06]} {[%emt 00:00:37]}
Bd7 {[%clk 01:32:24]} {[%emt 00:00:08]} 6. Bxc6 {[%clk 01:31:04]} {[%emt
00:00:33]} bxc6 {[%clk 01:32:25]} {[%emt 00:00:27]} 7. Nc3 {[%clk 01:30:36]}
{[%emt 00:01:00]} e5 {[%clk 01:32:24]} {[%emt 00:00:30]} 8. Qd3 {[%clk
01:29:49]} {[%emt 00:01:18]} Be7 {[%clk 01:32:39]} {[%emt 00:00:14]} 9. h3
{[%clk 01:26:52]} {[%emt 00:03:29]} Qc7 {[%clk 01:32:24]} {[%emt 00:00:43]} 10.
Be3 {[%clk 01:23:19]} {[%emt 00:04:03]} Nf6 {[%clk 01:32:07]} {[%emt 00:00:46]}
11. Rd1 {[%clk 01:19:42]} {[%emt 00:04:09]} h6 {[%clk 01:31:15]} {[%emt
00:01:21]} 12. Nd2 {[%clk 01:15:47]} {[%emt 00:04:26]} Be6 {[%clk 01:28:03]}
{[%emt 00:03:41]} 13. f4 {[%clk 01:07:23]} {[%emt 00:08:54]} exf4 {[%clk
01:22:43]} {[%emt 00:05:50]} 14. Bxf4 {[%clk 01:06:37]} {[%emt 00:01:16]} Nh5
{[%clk 01:23:02]} {[%emt 00:00:10]} 15. Qf3 {[%clk 00:48:06]} {[%emt 00:19:01]}
Nxf4 {[%clk 01:21:58]} {[%emt 00:01:34]} 16. Qxf4 {[%clk 00:48:29]} {[%emt
00:00:08]} Qb6 {[%clk 01:16:29]} {[%emt 00:05:55]} 17. Nb3 {[%clk 00:45:45]}
{[%emt 00:03:18]} a5 {[%clk 01:14:27]} {[%emt 00:02:31]} 18. Qf2 {[%clk
00:36:41]} {[%emt 00:09:34]} Qb7 {[%clk 01:11:40]} {[%emt 00:03:14]} 19. Rb1
{[%clk 00:35:16]} {[%emt 00:01:59]} a4 {[%clk 01:06:58]} {[%emt 00:05:11]} 20.
Nd4 {[%clk 00:32:11]} {[%emt 00:03:37]} Bf6 {[%clk 01:06:51]} {[%emt 00:00:36]}
21. O-O {[%clk 00:30:42]} {[%emt 00:01:59]} O-O {[%clk 00:54:44]} {[%emt
00:12:36]} 22. Nxe6 {[%clk 00:29:29]} {[%emt 00:01:45]} fxe6 {[%clk 00:54:41]}
{[%emt 00:00:32]} 23. Qg3 {[%clk 00:29:03]} {[%emt 00:00:48]} d5 {[%clk
00:46:31]} {[%emt 00:08:48]} 24. e5 {[%clk 00:26:58]} {[%emt 00:02:36]} Qc7
{[%clk 00:40:11]} {[%emt 00:06:48]} 25. Rbe1 {[%clk 00:20:08]} {[%emt
00:07:20]} Be7 {[%clk 00:30:05]} {[%emt 00:10:36]} 26. Rxf8+ {[%clk 00:19:36]}
{[%emt 00:01:03]} Rxf8 {[%clk 00:27:50]} {[%emt 00:02:44]} 27. Qg4 {[%clk
00:17:58]} {[%emt 00:02:03]} Rf5 {[%clk 00:21:34]} {[%emt 00:06:51]} 28. Qxa4
{[%clk 00:12:41]} {[%emt 00:05:44]} Qb6+ {[%clk 00:16:03]} {[%emt 00:06:06]}
29. Kh2 {[%clk 00:08:34]} {[%emt 00:04:33]} Bg5 {[%clk 00:11:36]} {[%emt
00:05:00]} 30. Nd1 {[%clk 00:02:14]} {[%emt 00:06:52]} Bf4+ {[%clk 00:09:14]}
{[%emt 00:02:50]} 31. g3 {[%clk 00:00:44]} {[%emt 00:02:00]} Bxe5 {[%clk
00:09:25]} {[%emt 00:00:17]} 32. Re2 {[%clk 00:00:39]} {[%emt 00:00:39]} Bxg3+
{[%clk 00:07:10]} {[%emt 00:02:44]} 33. Kg2 {[%clk 00:00:35]} {[%emt 00:00:33]}
Rg5 {[%clk 00:05:19]} {[%emt 00:02:22]} 34. Ne3 {[%clk 00:00:52]} {[%emt
00:00:14]} h5 {[%clk 00:05:07]} {[%emt 00:00:41]} 35. Qb3 {[%clk 00:01:01]}
{[%emt 00:00:21]} Qd4 {[%clk 00:05:09]} {[%emt 00:00:27]} 36. Qc3 {[%clk
00:01:02]} {[%emt 00:00:30]} Qe4+ {[%clk 00:05:03]} {[%emt 00:00:35]} 0-1

[Event "DEM U12 2025"]
[Site "Willingen GER"]
[Date "2025.06.09"]
[Round "3"]
[White "Rogner, Alexander Luis"]
[Black "Steinbrenner, Peter"]
[Result "1/2-1/2"]
[Termination "normal"]
[Board "10"]
[WhiteElo "1811"]
[BlackElo "1908"]
[WhiteClock "00:50:05"]
[BlackClock "00:39:12"]
[PlyCount "50"]
[WhiteFideId "34606556"]
[BlackFideId "34645535"]
[EventCountry "GER"]
[EventRounds "9"]
[EventType "swiss"]
[EventDate "2025.06.07"]

1. e4 {[%clk 01:30:57]} {[%emt 00:00:02]} c5 {[%clk 01:30:55]} {[%emt
00:00:06]} 2. c3 {[%clk 01:31:21]} {[%emt 00:00:06]} d5 {[%clk 01:31:15]}
{[%emt 00:00:10]} 3. exd5 {[%clk 01:31:39]} {[%emt 00:00:12]} Nf6 {[%clk
01:31:31]} {[%emt 00:00:12]} 4. Nf3 {[%clk 01:31:04]} {[%emt 00:01:06]} Nxd5
{[%clk 01:31:36]} {[%emt 00:00:26]} 5. d4 {[%clk 01:31:23]} {[%emt 00:00:10]}
cxd4 {[%clk 01:31:38]} {[%emt 00:00:28]} 6. Nxd4 {[%clk 01:30:13]} {[%emt
00:01:40]} a6 {[%clk 01:24:51]} {[%emt 00:07:18]} 7. Bc4 {[%clk 01:26:12]}
{[%emt 00:04:31]} e6 {[%clk 01:19:40]} {[%emt 00:05:40]} 8. O-O {[%clk
01:24:42]} {[%emt 00:02:00]} Bc5 {[%clk 01:17:07]} {[%emt 00:03:03]} 9. Nb3
{[%clk 01:23:35]} {[%emt 00:01:37]} Ba7 {[%clk 01:14:45]} {[%emt 00:02:51]} 10.
Bxd5 {[%clk 01:23:46]} {[%emt 00:00:21]} Qxd5 {[%clk 01:13:19]} {[%emt
00:01:56]} 11. Qxd5 {[%clk 01:24:03]} {[%emt 00:00:12]} exd5 {[%clk 01:13:45]}
{[%emt 00:00:05]} 12. Bf4 {[%clk 01:21:45]} {[%emt 00:02:48]} O-O {[%clk
01:12:31]} {[%emt 00:01:43]} 13. Na3 {[%clk 01:19:02]} {[%emt 00:03:13]} Bf5
{[%clk 01:06:41]} {[%emt 00:06:21]} 14. Rad1 {[%clk 01:16:48]} {[%emt
00:02:44]} Rd8 {[%clk 01:05:57]} {[%emt 00:01:14]} 15. Nd4 {[%clk 01:17:07]}
{[%emt 00:00:12]} Bxd4 {[%clk 01:05:59]} {[%emt 00:00:28]} 16. Rxd4 {[%clk
01:17:16]} {[%emt 00:00:20]} Nc6 {[%clk 01:06:23]} {[%emt 00:00:06]} 17. Rd2
{[%clk 01:16:27]} {[%emt 00:01:19]} d4 {[%clk 01:06:26]} {[%emt 00:00:27]} 18.
cxd4 {[%clk 01:14:19]} {[%emt 00:02:38]} Rxd4 {[%clk 01:02:57]} {[%emt
00:03:59]} 19. Rxd4 {[%clk 01:13:23]} {[%emt 00:01:26]} Nxd4 {[%clk 01:03:21]}
{[%emt 00:00:06]} 20. Be3 {[%clk 01:13:44]} {[%emt 00:00:09]} Nc6 {[%clk
01:00:59]} {[%emt 00:02:52]} 21. Nb1 {[%clk 01:03:54]} {[%emt 00:10:20]} Rd8
{[%clk 00:59:29]} {[%emt 00:02:00]} 22. Nc3 {[%clk 01:00:52]} {[%emt 00:03:32]}
Ne5 {[%clk 00:58:15]} {[%emt 00:01:44]} 23. Rd1 {[%clk 01:00:29]} {[%emt
00:00:54]} Re8 {[%clk 00:54:05]} {[%emt 00:04:40]} 24. b3 {[%clk 00:49:52]}
{[%emt 00:11:07]} h5 {[%clk 00:49:41]} {[%emt 00:04:54]} 25. h3 {[%clk
00:50:05]} {[%emt 00:00:16]} Nc6 {[%clk 00:39:12]} {[%emt 00:10:59]} 1/2-1/2